Statistics for All Marine Reptiles in Jurassic World Evolution 2 (with hints)

Click here to take the quiz!

General Stats

  • This quiz has been taken 6 times
  • The average score is 9 of 13

Answer Stats

HintAnswer% Correct
A Prehistoric turtleArchelon
100%
Has an unusual head, a long neck and begins with EElasmosaurus
83%
is quite small and has a long neckPlesiosaurus
83%
Named after a famous biologistAttenborosaurus
67%
Not actually a reptile, but a fishDunkleosteus
67%
Is very small and is similar to a fishIcthyosaurus
67%
Named after a Greek titanKronosaurus
67%
Is the only Marine reptile in the movies and has an inconsistent sizeMosasaurus
67%
Can go up onto rocks and is very toothyNothosaurus
67%
Is a very large IcthyosaurShonisaurus
67%
Has sails on it's neck and is BioluminescentStyxosaurus
67%
Is a large mosasaur and begins with TTylosaurus
67%
Was once thought to be much larger than it is todayLiopleurodon
50%

Score Distribution

Percentile by Number Answered

Percent of People with Each Score

Your Score History

You have not taken this quiz